MARC details
| 000 -LEADER |
| fixed length control field |
01268cab a2200229 4500 |
| 001 - CONTROL NUMBER |
| control field |
WB3041-32 |
| 008 - FIXED-LENGTH DATA ELEMENTS--GENERAL INFORMATION |
| fixed length control field |
090401t1994 xxu||||| |||| 00| 0 eng d |
| 035 ## - SYSTEM CONTROL NUMBER |
| System control number |
(Sirsi) u26430 |
| 041 ## - LANGUAGE CODE |
| Language code of text/sound track or separate title |
eng |
| 245 ## - TITLE STATEMENT |
| Title |
Reversion |
| 260 ## - PUBLICATION, DISTRIBUTION, ETC. |
| Date of publication, distribution, etc. |
1994 |
| 350 ## - PRICE (NR) (BK AM CF MU VM SE) [OBSOLETE] |
| Price |
0 |
| 490 ## - SERIES STATEMENT |
| Series statement |
Estates Gazette Case Summaries |
| Volume/sequential designation |
(1994) EGCS 162 (29/10/94) |
| 520 ## - SUMMARY, ETC. |
| Summary, etc. |
"System Floors Ltd v Ruralpride Ltd and another" CA 18/10/94. Midland Oak Construction Ltd (M) granted to S, three leases of industrial premises. At the same time M and S entered into a written agreement (the side letter). By clause 4 of the side letter, M stated that its terms and provisions and the rights granted thereby were personal to S and were not capable of assignment to any other party, and would cease to have effect on the determination, surrender or expiration of the leases. When M agreed to sell the reversions to the leases to R an issue arose whether the terms of the side letter applied to R. Held that the obligations were personal to M. S appealed. Appeal allowed. |
| 650 ## - SUBJECT ADDED ENTRY--TOPICAL TERM |
| Topical term or geographic name entry element |
LEASES |
| 650 ## - SUBJECT ADDED ENTRY--TOPICAL TERM |
| Topical term or geographic name entry element |
REVERSIONARY INTERESTS |
| 650 ## - SUBJECT ADDED ENTRY--TOPICAL TERM |
| Topical term or geographic name entry element |
SIDE LETTERS |
| 650 ## - SUBJECT ADDED ENTRY--TOPICAL TERM |
| Topical term or geographic name entry element |
SYSTEM FLOORS LTD V RURALPRIDE LTD AND ANOTHER |
| 690 ## - LOCAL SUBJECT ADDED ENTRY--TOPICAL TERM (OCLC, RLIN) |
| Topical term or geographic name as entry element |
LANDLORD AND TENANT-CASE LAW |
| 942 ## - ADDED ENTRY ELEMENTS (KOHA) |
| Suppress in OPAC |
0 |
| 948 ## - LOCAL PROCESSING INFORMATION (OCLC); SERIES PART DESIGNATOR (RLIN) |
| c (OCLC) |
04/03/1997 |